MDQL
is popping MORE tags! Check the
thread
!
Quizzes
Events
Quiz Creation
Community
Videos
Private Events
Remove Ads
Sign In
Join for FREE
Feedback
Dark Mode
Quiz Categories
Sports
Geography
Music
Movies
Television
Just For Fun
Miscellaneous
History
Literature
Language
Science
Gaming
Entertainment
Religion
Holiday
For Kids
Quiz Lab
Recent
Popular Today
Quiz Kudos Today
Editor Picks
Curator Picks
Quizzes by...
Day
Popularity
Type
Ratings
Length
Year
Community
Subscriptions
Recent Discussions
Orange Saloon
Badges
Playlists
Quests
Create
Leaderboards
Showdown
Live 5
Trivia Bingo
Activity
Puzzle Library
Sporcle Events
Private Events
Virtual Trivia
Globe League
Become a Host
Pub Owners
SporcleCon
Opinionation
Our Games
Videos
Blog
Mobile Apps
Partnerships
Remove Ads and Go Orange
Feedback
Sports
Athletes
MLB
NBA
NHL
NFL
Soccer
Sports Teams
WWE
NCAA
Football
Premier League
Basketball
Baseball
Hockey
Golf
Tennis
Cricket
Rugby
Auto Racing
Olympics
World Cup
Sports
Athletes
MLB
NBA
NHL
NFL
Soccer
Sports Teams
WWE
NCAA
Football
Premier League
Basketball
Baseball
Hockey
Golf
Tennis
Cricket
Rugby
Auto Racing
Olympics
World Cup
Random Quiz
Search Sporcle
×
Quiz Lab
Quiz Lab
Sports
New York Rangers
Type in answers that appear in a list
Type in answers that appear in a list
Classic
Best Score? Go Orange.
1993-94 Stanley Cup Champion NY Rangers Stats
Can you name the 1993-94 Stanley Cup Champion NY Rangers?
By
HockeyGuru101
6m
26 Questions
141 Plays
141 Plays
141 Plays
Comments
Comments
Give Quiz Kudos
Give Quiz Kudos
-
- Ratings
hide this ad
More Info
Replay
Link that replays current quiz
Next Quiz
Link to next quiz in quiz playlist
You Got
0%
They Got
Avg Score
59%
Avg Friend Score
Upgrade to see
Score Distribution
Jump to the score distribution portion of the page
Score
0/26
Timer
06:00
0
Plays Today
Number
Name
% Correct
2*
Brian Leetch
99.3%
11*
Mark Messier
99.3%
9*
Adam Graves
95.7%
35*
Mike Richter
91.5%
27
Alexei Kovalev
78.7%
Head Coach
Mike Keenan
78%
36
Glenn Anderson
70.2%
30
Glenn Healy
68.1%
4
Kevin Lowe
66.7%
23
Jeff Beukeboom
66%
32
Stephane Matteau
66%
21
Sergei Zubov
65.2%
10
Esa Tikkanen
62.4%
Number
Name
% Correct
13
Sergei Nemchinov
62.4%
28
Steve Larmer
56%
6
Doug Lidster
52.5%
16
Brian Noonan
51.8%
14
Craig MacTavish
51.1%
25
Alexander Karpovtsev
41.8%
26
Joey Kocur
41.1%
19
Nick Kypreos
39.7%
24
Jay Wells
37.6%
12
Ed Olczyk
36.9%
17
Greg Gilbert
28.4%
15
Mike Hudson
19.9%
18
Mike Hartman
17.7%
Quiz Playlist
Details
Report
Send in Message
Add To Playlist
More Info:
*this player's number has since been retired by the Rangers.
Classic:
Type in answers that appear in a list
Last Updated: Feb 16, 2017
Quiz Scoreboard
CHALLENGE
Sign Up to Join the Scoreboard
Show All
Scores
Hide
Comments
May contain spoilers
Recently Published
5x2 Blitz: Bands
by SL_Kpop136
Music
30s
Colored Red Africa Blitz
by spor1
Geography
30s
Find the 'City' Movie
by crazypaving
Movies
60s
More to Explore
Quiz From the Vault
Featured Blog Post
14 Easter Pick-up Lines to Find Eggs With
hide this ad
You Might Also Like...
Tags
1990s
1993
1994
champion
New York Rangers
Stanley Cup
Today's Top Quizzes in Sports
Browse Sports
hide this ad
Today's Top Quizzes in New York Rangers
Browse New York Rangers
Top Contributed Quizzes in Sports
1
2022 World Cup Stars
2
Les meilleurs buteurs des matchs entre le PSG et l’OM
3
FIFA Club World Cup Champions
4
Les entraîneurs de l'OM et du PSG au 21e siècle
5
Criteria MLB: Left Handed Sluggers
6
2023 MLB Unique Player Accomplishments
7
Players with Multiple 50 Home Run Seasons
8
AFC Teams Reveal (Wrong Answers Minefield)
9
NBA Logic Puzzle 2.0
10
5-to-1: FBS Animal Nicknames
Explore More
Trending Topics
Marvel
Crossword
Disney
Harry Potter
Kpop
Anime
NBA
The Office
NFL
Song
Soccer
Country
WWE
Puzzle
Pokémon
hide this ad
More By:
HockeyGuru101
Quiz
Plays
Rating
Category
Featured
Created
NBA Team Captains
4,067
3.45
Sports
Aug 17, 2013
2013/14 New York Rangers
564
Sports
Aug 21, 2012
NBA Teams That Have Never Won a Championship
517
2.00
Sports
Dec 26, 2011
2011-2012 New York Rangers
458
4.50
Sports
Nov 28, 2011
2014/15 MLB Free Agents
428
2.00
Sports
Nov 28, 2014
Go to Creator's Profile
Score Distribution
Quiz Creator Spotlight
HockeyGuru101
Follow
Send a Message
Quizzes Created
-
Created Quiz Play Count
-
More By This Creator
Popular Quizzes Today
1
Find the 'City' Movie
2
5x2 Blitz: Bands
3
Find the US States - No Outlines Minefield
4
The Countries of the World
5
Find the US States
6
Colored Red Africa Blitz
7
9x9 Crossword: Cartoon Network
8
Risky Map Clicking: Biggest States A-Z
More Sports Quizzes
Champions League Golden Glove Winners
Quiz Lab
Trending Quizzes
Colored Red Africa Blitz II
Colored Red Europe Blitz I
Find the 'Dark' Movie
Find the 'Day' Movie
Find the 'Good' Movie
Recently Updated
Champions League XIs: Real Madrid
pecheneg
Largest US Cities 1790-2010
pecheneg
Rides in Walt Disney World
pecheneg
Most Oscar Losses (Acting)
pecheneg
Beyoncé Albums
pecheneg
Leaping Animals
pecheneg
Reality TV Shows (A-Z)
bhenderson79
Rickey Henderson's Hall of Fame Teammates
pecheneg
Champions League XIs: Arsenal
pecheneg
Quick Pick: Celebrities in WWE's Hall of Fame
aduchscher
Trending Topics
Disney
Crossword
Anime
Marvel
Kpop
NBA
Harry Potter
Soccer
Puzzle
The Office
NFL
WWE
Song
Pokémon
Country
Your Account Isn't Verified!
In order to create a playlist on Sporcle, you need to verify the email address you used during registration. Go to your
Sporcle Settings
to finish the process.
Report this User
Report this user for behavior that violates our
Community Guidelines
.
Details:
Send Report
Go to the Sporcle.com Mobile Site →
Comments